000 00311nam a22001457a 4500
008 210531b ||||| |||| 00| 0 eng d
020 _a978039393431
041 _aeng
080 _23rd
_a541
082 _a541
100 _a12
101 _aKIM
245 _aChemistry
_cThomas R. Gilbert
942 _2udc
_cBK
999 _c57861
_d57861